header

Computer evidence (Record no. 38523)

MARC details
000 -LEADER
fixed length control field 01195nam a22003014a 4500
082 04 - DEWEY DECIMAL CLASSIFICATION NUMBER
Classification number 363.25/968
100 1# - MAIN ENTRY--AUTHOR NAME
Personal name Brown, Christopher L. T.
245 10 - TITLE STATEMENT
Title Computer evidence
250 ## - EDITION STATEMENT
Edition statement 1st ed.
260 ## - PUBLICATION, DISTRIBUTION, ETC. (IMPRINT)
Place of publication Hingham, Mass. :
Name of publisher Charles River Media,
Year of publication c2006.
300 ## - PHYSICAL DESCRIPTION
Number of Pages xxii, 394 p. :
Other physical details ill.
650 #0 - SUBJECT ADDED ENTRY--TOPICAL TERM
Topical Term Computer crimes
856 40 - ELECTRONIC LOCATION AND ACCESS
Uniform Resource Identifier http://site.ebrary.com/lib/rucke/Doc?id=10228243

No items available.

© 2026 Rongo University
Contact us: librarian | system librarian | Rongo university